00505nam a2200109Ia 4500008004100000100003100041245017700072260004600249300001800295650001300313856006900326160712s9999 xx 000 0 und d aSapitula, Manuel Victor J. cManuel Victor J. SapitulaaAng Pagiging Deboto Bilang Pakikipagkapwa: Isang Panimulang Pagsusuri sa mga Liham Pasasalamat ng mga Deboto ng Ina ng Laging Saklolo sa Baclaran c2013bDaluyan: Journal ng Wikang Filipino avol. 19 no. 2 xFILIPINO uhttp://journals.upd.edu.ph/index.php/djwf/issue/view/396/showToc